Ứng dụng công cụ quản trị tinh gọn để nâng cao hiệu quả làm việc tại các đơn vị trực thuộc trường Đại học Cần Thơ Báo cáo tổng kết đề tài Khoa học và Công nghệ cấp Trường
Ứng dụng một số công cụ của quản trị tinh gọn để nhận diện các lãng phí tại các đơn vị trực thuộc trường Đại học Cần Thơ; đề xuất kế hoạch hành động và giải pháp nhằm tiết kiệm chi phí và nâng cao hiệu quả làm việc tại các đơn vị...
Guardado en:
| Autor principal: | |
|---|---|
| Formato: | Libro |
| Lenguaje: | Undetermined |
| Publicado: |
Cần Thơ
Trường Đại học Cần Thơ
2017
|
| Materias: | |
| Etiquetas: |
Agregar Etiqueta
Sin Etiquetas, Sea el primero en etiquetar este registro!
|
| Thư viện lưu trữ: | Trung tâm Học liệu Trường Đại học Cần Thơ |
|---|
| LEADER | 01313nam a2200205Ia 4500 | ||
|---|---|---|---|
| 001 | CTU_223335 | ||
| 008 | 210402s9999 xx 000 0 und d | ||
| 082 | |a 658.4 | ||
| 082 | |b Tr121 | ||
| 088 | |a T2016-37 | ||
| 100 | |a Ngô, Mỹ Trân | ||
| 245 | 0 | |a Ứng dụng công cụ quản trị tinh gọn để nâng cao hiệu quả làm việc tại các đơn vị trực thuộc trường Đại học Cần Thơ | |
| 245 | 0 | |b Báo cáo tổng kết đề tài Khoa học và Công nghệ cấp Trường | |
| 245 | 0 | |c Ngô Mỹ Trân (Chủ nhiệm đề tài) ; Lê Tấn Nghiêm, Thạch Keo Sa Ráte, Nguyễn Thị Ngọc Hoa (Thành viên tham gia) | |
| 260 | |a Cần Thơ | ||
| 260 | |b Trường Đại học Cần Thơ | ||
| 260 | |c 2017 | ||
| 520 | |a Ứng dụng một số công cụ của quản trị tinh gọn để nhận diện các lãng phí tại các đơn vị trực thuộc trường Đại học Cần Thơ; đề xuất kế hoạch hành động và giải pháp nhằm tiết kiệm chi phí và nâng cao hiệu quả làm việc tại các đơn vị này. | ||
| 650 | |a Quản lý,Management | ||
| 980 | |a Trung tâm Học liệu Trường Đại học Cần Thơ | ||